000 00263nam a22001217a 4500
008 181029b xxu||||| |||| 00| 0 eng d
041 _aeng
080 _a710
100 _a44
101 _aART
245 _a102 Favorite Paintings
_cRockwell,N
942 _2udc
_cBK
999 _c50959
_d50959